México, 1808 - 1821 (Registro nro. 298721)

Detalles MARC
000 -ENCABEZADO
Número de control [NR] 01146cam a2200289Mu 4500
005 - FECHA Y HORA DE LA ÚLTIMA TRANSACCIÓN
control field 20170608110259.0
008 - DE LONGITUD FIJA DE DATOS DE ELEMENTOS - INFORMACIÓN GENERAL
Elementos de longitud fija [NR] 150223s2014 mx d fr 000 0 spa d
020 ## - NUMERO INTERNACIONAL NORMALIZADO PARA LIBROS [R]
Número Internacional Normalizado del libro [NR] 9786074625257
020 ## - NUMERO INTERNACIONAL NORMALIZADO PARA LIBROS [R]
Número Internacional Normalizado del libro [NR] 6074625255
040 ## - FUENTE DE CATALOGACION [NR]
Agencia de catalogación original [NR] CO-BoUCM
Idioma de catalogación [NR] spa
Quien Cataloga Jose A. Gerena
Quien Clasifica Jose A. Gerena
041 ## - CODIGO DE IDIOMA [R]
Código de idioma para texto/pista de sonido o título separado [R] Español
245 00 - MENCION DE TITULO [NR]
Título [NR] México, 1808 - 1821
Parte restante del título [NR] las ideas y los hombres
Mención de responsabilidad, etc. [NR] Pilar Gonzalbo Aizpuru, Andrés Lira González coordinadores
260 ## - PUBLICACION, DISTRIBUCION, ETC. (PIE DE IMPRENTA) [R]
Lugar de publicación, distribución, etc. [R] México D.F. (México)
Nombre del editor, distribuidor, etc. [R] El Colegio de México, Centro de Estudios Históricos
Fecha de publicación, distribución, etc. [R] 2014
300 ## - DESCRIPCION FISICA [R]
Extensión [R] 530 páginas
Otros detalles físicos [NR] cuadros, gráficas
504 ## - NOTA DE BIBLIOGRAFIA, ETC. [R]
Nota de bibliografía, etc. [NR] Incluye referencias bibliográficas
650 #7 - ASIENTO SECUNDARIO DE MATERIA - TERMINO TEMATICO [R]
Término temático o nombre geográfico como elemento de entrada [NR] Historia
9 (RLIN) 7695
Subdivisión geográfica [R] México
650 #7 - ASIENTO SECUNDARIO DE MATERIA - TERMINO TEMATICO [R]
Término temático o nombre geográfico como elemento de entrada [NR] Historia política
9 (RLIN) 56928
Subdivisión geográfica [R] México
650 #7 - ASIENTO SECUNDARIO DE MATERIA - TERMINO TEMATICO [R]
Término temático o nombre geográfico como elemento de entrada [NR] Insurgencia
9 (RLIN) 17814
Subdivisión geográfica [R] México
650 #7 - ASIENTO SECUNDARIO DE MATERIA - TERMINO TEMATICO [R]
Término temático o nombre geográfico como elemento de entrada [NR] Independencia
9 (RLIN) 7720
Subdivisión geográfica [R] México
650 #7 - ASIENTO SECUNDARIO DE MATERIA - TERMINO TEMATICO [R]
Término temático o nombre geográfico como elemento de entrada [NR] Guerra civil
9 (RLIN) 16584
Subdivisión cronológica [R] 1810-1814
Subdivisión geográfica [R] México
651 #4 - ASIENTO SECUNDARIO DE MATERIA - NOMBRE GEOGRAFICO [R]
Nombre geográfico [NR] México
Subdivisión general [R] Historia
9 (RLIN) 26656
690 ## - ASUNTO AGREGADO LOCAL DE ENTRADA - TÉRMINO TEMÁTICO (OCLC, RLIN)
9 (RLIN) 42842
Acceso temático local Historia de América
700 1# - ASIENTO SECUNDARIO - NOMBRE PERSONAL [R]
Nombre personal [NR] Gonzalbo Aizpuru, Pilar
Término de relación [R] coordinador
9 (RLIN) 67695
700 1# - ASIENTO SECUNDARIO - NOMBRE PERSONAL [R]
Nombre personal [NR] Lira González, Pilar
Término de relación [R] coordinador
9 (RLIN) 67696
942 ## - ELEMENTOS DE ENTRADA AGREGADOS (KOHA)
Sistema de clasificación DEWEY
Tema principal Historia
Tipo de ítem principal el descrito en 300a Libro
Edición 1
Clasificación 972.03
Parte restante de la signatura top. M611
Existencias
Total préstamos Signatura topográfica Código de barras Última vez visto Ejemplar Costo de reposición Price effective from Tipo de ítem Perdido Sistema de clasificación Dañado No prestable Tipo de ítem específico Suprimido Ubicación habitual Ubicación actual Localización Fecha de creación Proveedor Forma de adquisición Costo
  972.03 M611 100145021 10/12/2025 Ej.1 26000.00 18/02/2015 Libro   DEWEY     Libro   Claustro Claustro 2do piso 18/02/2015 12 Donación 26000.00